Vamac ethylene/acrylic elastomers (Record no. 72064)

MARC details
000 -LEADER
fixed length control field 00265nam a2200109Ia 4500
100 ## - MAIN ENTRY--AUTHOR NAME
Personal name Bruhnke Douglas
245 #0 - TITLE STATEMENT
Title Vamac ethylene/acrylic elastomers
260 ## - PUBLICATION, DISTRIBUTION, ETC. (IMPRINT)
Name of publisher Rubber News
Year of publication 1993
300 ## - PHYSICAL DESCRIPTION
Number of Pages 33-45
942 ## - ADDED ENTRY ELEMENTS (KOHA)
Koha item type Journals
Holdings
Withdrawn status Lost status Damaged status Not for loan Home library Current library Date acquired Serial Enumeration / chronology Koha item type
      Journals RRII Library RRII Library 17/12/2021 Volume 32, Issue 9 Journals